| 000 | 00522nam a22001817a 4500 | ||
|---|---|---|---|
| 005 | 20251108164024.0 | ||
| 008 | 250721s1999 xx 000 0 ara d | ||
| 082 | 1 | 4 | _a818.03/أمي |
| 100 | 1 | _aالأمين، حسن | |
| 245 | 1 | 0 |
_aحل و ترحال : _bذكريات / |
| 264 | 1 |
_aبيروت : _bرياض الريس، _c1999. |
|
| 300 | _a566ص | ||
| 650 | 1 | 7 | _aالأدب العربي |
| 650 | 1 | 7 | _aالمذكرات الأدبية |
| 650 | 1 | 7 | _aالرحلات الجغرافية |
| 942 |
_2ddc _cBK |
||
| 999 |
_c1657 _d1657 |
||